<?xml version="1.0" encoding="UTF-8"?>
<record
    xmlns:xsi="http://www.w3.org/2001/XMLSchema-instance"
    xsi:schemaLocation="http://www.loc.gov/MARC21/slim http://www.loc.gov/standards/marcxml/schema/MARC21slim.xsd"
    xmlns="http://www.loc.gov/MARC21/slim">

  <leader>01623nam a2200253 a 4500</leader>
  <controlfield tag="001">41712</controlfield>
  <controlfield tag="003">BD-RjUL</controlfield>
  <controlfield tag="005">20211209053434.0</controlfield>
  <controlfield tag="008">160605s1970    nyu      b    000 0 eng  </controlfield>
  <datafield tag="035" ind1=" " ind2=" ">
    <subfield code="a">(BD-RjUL) 41830</subfield>
  </datafield>
  <datafield tag="040" ind1=" " ind2=" ">
    <subfield code="a">DLC</subfield>
    <subfield code="c">DLC</subfield>
    <subfield code="d">UKM</subfield>
    <subfield code="d">EQO</subfield>
    <subfield code="d">BD-RjUL</subfield>
    <subfield code="b">eng</subfield>
  </datafield>
  <datafield tag="041" ind1=" " ind2=" ">
    <subfield code="a">eng</subfield>
  </datafield>
  <datafield tag="082" ind1=" " ind2=" ">
    <subfield code="a">301.45196073</subfield>
    <subfield code="2">23</subfield>
    <subfield code="b">SEG 1970</subfield>
  </datafield>
  <datafield tag="245" ind1="0" ind2="4">
    <subfield code="a">The segregation era, 1863-1954 :</subfield>
    <subfield code="b">a modern reader /</subfield>
    <subfield code="c">Edited by Allen Weinstein and Frank Otto Gatell.</subfield>
  </datafield>
  <datafield tag="260" ind1=" " ind2=" ">
    <subfield code="a">New York :</subfield>
    <subfield code="b">Oxford University Press,</subfield>
    <subfield code="c">1970.</subfield>
  </datafield>
  <datafield tag="300" ind1=" " ind2=" ">
    <subfield code="a">ix, 309 p. ;</subfield>
    <subfield code="c">21 cm.</subfield>
  </datafield>
  <datafield tag="504" ind1=" " ind2=" ">
    <subfield code="a">Bibliography: p. 295-309.</subfield>
  </datafield>
  <datafield tag="505" ind1="0" ind2=" ">
    <subfield code="a">The fight for freedom, by B. Quarles.--The promise of land, by W. L. Rose.--A new world of freedom, by J. Williamson.--White reconstruction, by J. H. Franklin.--An old world of bondage, by R. W. Logan.--Folkways, stateways, and racism, by C. V. Woodward.--The paradox of W. E. B. Du Bois, by A. Meier.--Support your local mob, by C. Crowe.--The Negro and the new freedom, by N. J. Weiss.--Marcus Garvey: black is beautiful, by E. D. Cronon.--The quest for community, by A. H. Spear.--The Negro renaissance, by R. A. Bone.--Law and order, by D. T. Carter.--The croppers' dilemma, by G. Myrdal.--In the New Deal's wake, by L. H. Fishel.--Stirrings of revolt, by R. M. Dalfiume.--The black vote, by O. Glantz.--Education: parallel inequity, by H. A. Bullock.--Very deliberate speed, by L. Miller.</subfield>
  </datafield>
  <datafield tag="650" ind1=" " ind2="0">
    <subfield code="a">African Americans</subfield>
    <subfield code="x">History</subfield>
    <subfield code="y">1863-1877.</subfield>
    <subfield code="9">128134</subfield>
  </datafield>
  <datafield tag="650" ind1=" " ind2="0">
    <subfield code="a">African Americans</subfield>
    <subfield code="x">History</subfield>
    <subfield code="y">1877-1964.</subfield>
    <subfield code="9">128135</subfield>
  </datafield>
  <datafield tag="700" ind1="1" ind2=" ">
    <subfield code="a">Gatell, Frank Otto.</subfield>
    <subfield code="9">128136</subfield>
  </datafield>
  <datafield tag="700" ind1="1" ind2=" ">
    <subfield code="a">Weinstein, Allen  </subfield>
    <subfield code="9">128137</subfield>
  </datafield>
  <datafield tag="942" ind1=" " ind2=" ">
    <subfield code="2">ddc</subfield>
    <subfield code="c">BK</subfield>
  </datafield>
  <datafield tag="999" ind1=" " ind2=" ">
    <subfield code="c">41712</subfield>
    <subfield code="d">41712</subfield>
  </datafield>
  <datafield tag="952" ind1=" " ind2=" ">
    <subfield code="0">0</subfield>
    <subfield code="1">0</subfield>
    <subfield code="2">ddc</subfield>
    <subfield code="4">0</subfield>
    <subfield code="7">0</subfield>
    <subfield code="8">NFIC</subfield>
    <subfield code="a">RUCL</subfield>
    <subfield code="b">RUCL</subfield>
    <subfield code="c">Stack</subfield>
    <subfield code="d">1974-05-08</subfield>
    <subfield code="e">Oxford University Press</subfield>
    <subfield code="l">0</subfield>
    <subfield code="o">301.45196073 SEG 1970</subfield>
    <subfield code="r">2016-06-05 00:00:00</subfield>
    <subfield code="t">C-2</subfield>
    <subfield code="w">2016-06-05</subfield>
    <subfield code="y">BK</subfield>
  </datafield>
</record>
